| 000 | 01153nam a22003497a 4500 | ||
|---|---|---|---|
| 003 | OSt | ||
| 005 | 20230712082522.0 | ||
| 008 | 221006b |||||||| |||| 00| 0 eng d | ||
| 040 | _cBiblioteca Lado V | ||
| 082 |
_a700 _bH225m |
||
| 100 |
_9881 _aHammond, Anna _eeditor |
||
| 245 | _aMoMA/ | ||
| 260 |
_c1999 _bThe Museum of Modern Art _aNew York |
||
| 300 |
_c17x23.5cm _a45p. |
||
| 490 |
_v2 _x0893-0279 _a5 |
||
| 505 | _aInterview with Ellsworth Kelly | ||
| 505 | _aAbby Aldrich Rockefeller and Print Collecting | ||
| 505 | _aAlfred Hitchcock: Behind the Silhouette | ||
| 505 | _aFilm and Video Programs | ||
| 505 | _aPull-out Calendar | ||
| 505 | _aNew Acquisition | ||
| 505 | _aCorporate Giving | ||
| 505 | _aMembership | ||
| 505 | _aMuseum Exhibitions and Programs | ||
| 505 | _aIn the Museum Stores | ||
| 650 |
_2Tesauro de Arte & Arquitectura _aARTE |
||
| 650 |
_2Tesauro de Arte & Arquitectura _aMUSEO |
||
| 650 |
_2Tesauro de Arte & Arquitectura _aMoMA |
||
| 650 |
_2Tesauro de Arte & Arquitectura _aCULTURA |
||
| 651 |
_2Tesauro de Arte & Arquitectura _aNEW YORK |
||
| 942 |
_2ddc _c1 _h700 _iH225m _n0 |
||
| 999 |
_c4013 _d4013 |
||